[Event "Bogota IRT op 06"]
[Site "Bogota"]
[Date "2012.06.11"]
[Round "7"]
[White "Puerto Reyes, Ruth Maribel"]
[Black "Fraile Vela, Maria Isabel"]
[Result "1-0"]
[WhiteElo "1576"]
[BlackElo "1752"]
[PlyCount "51"]
[EventDate "2012.06.08"]
[EventType "swiss"]
[EventRounds "7"]
[EventCountry "COL"]
[SourceTitle "CBM 148 Extra"]
[Source "ChessBase"]
[SourceDate "2012.06.22"]
[SourceVersion "1"]
[SourceVersionDate "2012.06.22"]
[SourceQuality "1"]

1. e4 c5 2. Nf3 d6 3. Nc3 Nf6 4. b3 e5 5. Bb2 Nc6 6. Bc4 Be6 7. Bxe6 fxe6 8. d3 d5 9. Qe2 d4 10. Nb5 Qa5+ 11. c3 Qxb5 12. 0-0 Be7 13. Ng5 Qa5 14. cxd4 exd4 15. Nxe6 Kf7 16. Ng5+ Ke8 17. Qf3 Rf8 18. Ne6 Rf7 19. Qf5 g6 20. Qh3 Qd2 21. Bc1 Qc3 22. Bh6 Qa5 23. Ng5 Nb4 24. Qe6 Kd8 25. Nxf7+ Kc7 26. Bf4+ 1-0